LEADER 01335nam a2200277 i 4500 001 000000139295 003 CaOOAMICUS 005 20220708144718.0 008 050519s1983 it u000 u ita u 013 $a113299 040 $aSeMil$bita 245 00$aGiovanni Papini :$bAtti del Convegno di studi nel centenario della nascita, Firenze, Palazzo Medici-Riccardi, 4-5-6 febbraio 1982 /$ca cura di Sandro Gentili. 246 04$aGiovanni Papini : nel centenario della nascita 264 1$aMilano :$bVita e Pensiero,$c1983. 300 $aX, 363 p. ;$c21 cm. 541 1 $aFondo card. C.M. Martini (1D IV 127) 600 14$aPapini, Giovanni <1881-1956>.$0(OLS)http://semarc/subject/8249 700 1 $aGentili, Sandro,$d<1954- >.$0(OLS)http://semarc/name/11729 850 $aSeMil 852 $aSeMil$W1$xVenegono$y1$m1D IV 127$j92717$B92717$CSeMilBibl$Z2$F97930 $81 941 1 $a4 961 $aOmaggio: Martini Card. Carlo Maria 996 $6245$aGiovanni Papini :$bAtti del Convegno di studi nel centenario della nascita, Firenze, Palazzo Medici-Riccardi, 4-5-6 febbraio 1982$9(OLS)http://semarc/title/203562 996 $6246$aGiovanni Papini : nel centenario della nascita$9(OLS)http://semarc/title/203563 996 $6264$aMilano :$bVita e Pensiero$9(OLS)http://semarc/publisher/29642 LEADER 01356nam a2200289 4500 001 000000342501 003 CaOOAMICUS 005 20230316162116.0 008 201007s2020 it 000 u ita r 020 $a978-88-922228-9-2 040 $aSeMil$bita 100 1 $aMarchese Ragona, Fabio.$0(OLS)http://semarc/name/109015 245 13$aIl mio nome č Satana :$bstorie di esorcismi dal Vaticano a Medjugorje /$cFabio Marchese Ragona ; prefazione di fra Benigno. 264 1$aCinisello Balsamo :$bSan Paolo,$c2020. 300 $a255 p. ;$c22 cm 541 0 $aOmaggio mons. Mario Delpini (2R II 428) 650 4$aEsorcismi.$0(OLS)http://semarc/subject/7025 650 4$aSatana.$0(OLS)http://semarc/subject/10333 700 1 $aBenigno : di Gesų povero.$0(OLS)http://semarc/name/109762 850 $aSeMil 852 $aSeMil$W1$xVenegono$y1$m2R II 428$j222390$B233438$CSeMilBibl$Z2$F233438 $81 941 1 $a7 961 $aOmaggio mons. Mario Delpini. -- Con dedica autografa dell'autore a mons. Mario Delpini (29 settembre 2020) 996 $6020$a978-88-922228-9-2$9(OLS)http://semarc/number/291431 996 $6245$aIl mio nome č Satana :$bstorie di esorcismi dal Vaticano a Medjugorje$9(OLS)http://semarc/title/431337 996 $6264$aCinisello Balsamo :$bSan Paolo$9(OLS)http://semarc/publisher/30129